000 00885nam a2200277 4500
001 75620
003 BD-RjUL
005 20211209082722.0
008 190505s1967 enka b 000 0 eng
035 _a(BD-RjUL)75838
040 _aDLC
_cDLC
_dDLC
_beng
041 _aeng
082 0 0 _a658.4
_223
_bSTM 1967
100 1 _aStewart, Rosemary.
_9231476
245 1 0 _aManagers and their jobs:
_ba study of the similarities and differences in the ways managers spend their time./
_cRosemary Stewart
260 _aLondon :
_bMacmillan,
_c1967.
300 _axii, 186 p. :
_btables, diagrs,
_c22 1/2 cm.
504 _aBibliographical footnotes and Index
650 0 _aExecutives.
_9231477
650 0 _aIndustrial management.
_9231478
906 _a7
_bcbc
_corignew
_du
_eopcn
_f19
_gy-gencatlg
942 _2ddc
_cBK
999 _c75620
_d75620